Consumers, estate agents and redress bill 2006-07 (Record no. 106259)
[ view plain ]
| 000 -LEADER | |
|---|---|
| fixed length control field | 01247cam a2200193 4500 |
| 001 - CONTROL NUMBER | |
| control field | L135966 |
| 008 - FIXED-LENGTH DATA ELEMENTS--GENERAL INFORMATION | |
| fixed length control field | 061220n2006 000 0 eng u |
| 035 ## - SYSTEM CONTROL NUMBER | |
| System control number | (Sirsi) u135966 |
| 041 0# - LANGUAGE CODE | |
| Language code of text/sound track or separate title | eng |
| 245 00 - TITLE STATEMENT | |
| Title | Consumers, estate agents and redress bill 2006-07 |
| 260 ## - PUBLICATION, DISTRIBUTION, ETC. | |
| Place of publication, distribution, etc. | London |
| Name of publisher, distributor, etc. | UK Parliament |
| Date of publication, distribution, etc. | 2006 |
| 520 ## - SUMMARY, ETC. | |
| Summary, etc. | Makes provision for the establishment of the National Consumer Council and its functions and aims to: make provision for the abolition of other consumer bodies; make provision about the handling of consumer complaints by certain suppliers and provision requiring certain suppliers to be members of redress schemes in respect of consumer complaints; amend the Estate Agents Act 1979; make provision about the cancellation of certain contracts concluded away from business premises; and for connected purposes. |
| 650 24 - SUBJECT ADDED ENTRY--TOPICAL TERM | |
| Topical term or geographic name entry element | CONSUMERS, ESTATE AGENTS AND REDRESS BILL 2006 |
| 651 #4 - SUBJECT ADDED ENTRY--GEOGRAPHIC NAME | |
| Geographic name | United Kingdom |
| Chronological subdivision | |
| 690 ## - LOCAL SUBJECT ADDED ENTRY--TOPICAL TERM (OCLC, RLIN) | |
| Topical term or geographic name as entry element | MANAGEMENT-BUSINESS MANAGEMENT-PROFESSIONAL PRACTICE |
| 710 1# - ADDED ENTRY--CORPORATE NAME | |
| Corporate name or jurisdiction name as entry element | United Kingdom |
| Subordinate unit | Department of Trade and Industry |
| 856 40 - ELECTRONIC LOCATION AND ACCESS | |
| Uniform Resource Identifier | <a href="https://www.publications.parliament.uk/pa/pabills/200607/consumers_estate_agents_and_redress.htm">https://www.publications.parliament.uk/pa/pabills/200607/consumers_estate_agents_and_redress.htm</a> |
| Public note | View the Bill free of charge at www.publications.parliament.uk... |
| 942 ## - ADDED ENTRY ELEMENTS (KOHA) | |
| Suppress in OPAC | 0 |
| Withdrawn status | Lost status | Source of classification or shelving scheme | Damaged status | Not for loan | Home library | Current library | Shelving location | Date acquired | Total Checkouts | Full call number | Barcode | Date last seen | Copy number | Price effective from | Koha item type |
|---|---|---|---|---|---|---|---|---|---|---|---|---|---|---|---|
| Dewey Decimal Classification | Virtual | Virtual | Online | 20/12/2006 | ONLINE PUBLICATION | 135966-2001 | 06/08/2019 | 1 | 06/08/2019 | Book |